| 000 | 00547nam a22001817a 4500 | ||
|---|---|---|---|
| 005 | 20251108175033.0 | ||
| 008 | 250721s2008 xx 000 0 ara d | ||
| 082 | 1 | 4 | _aم/323.4/بوي |
| 100 | 1 | _aبويسي، إينيان دو لا | |
| 245 | 1 | 0 | _aمقالة العبودية الطوعية / |
| 264 | 1 |
_aبيروت : _bالمنظمة العربية للترجمة، _c2008. |
|
| 300 | _a262 ص. | ||
| 650 | 1 | 7 | _aالرق |
| 650 | 1 | 7 | _aالحرية |
| 700 | 1 |
_aكاسوحة، عبود _eمترجم |
|
| 942 |
_2ddc _cREF |
||
| 999 |
_c124557 _d124557 |
||